000 00777nam a22002657a 4500
003 CHAP
005 20220329133625.0
008 971013s1990 r 00010 d
010 _a8714
011 _a9686
035 _a8921
040 _cCHAP
090 _aFolleto 13984
245 _aDirectorio de tecnologías apropiadas
260 _aMéxico, D.F. :
_bFundación Friedrich Ebert,
_c1990
300 _a40 p.
590 _aBATCH-UPD
_b10
_c20130110
_lUCH01
_h0022
590 _aBATCH-UPD
_b10
_c20130409
_lUCH01
_h2002
590 _aBATCH-UPD
_b10
_c20130914
_lUCH01
_h2043
590 _aCONVERSION
_b10
_c20130109
_lUCH01
_h1306
650 1 4 _aTecnología
_xDirectorios.
_9111944
901 _aBK
942 _cFOLL
949 _aFolleto 13984
_bBC
_cFOLL
_d-19331
_eTS1
_i8921
_mD
_si
999 _c8714
_d8714